[Event "2017 South African Open Ch"]
[Site "Durban"]
[Date "2017.07.21"]
[Round "10"]
[White "Abrantes, Persson"]
[Black "Solomons, Deon"]
[Result "0-1"]
[WhiteElo "2003"]
[BlackElo "2120"]
[Annotator "TA"]
[PlyCount "132"]
[EventDate "2017.??.??"]
[EventCountry "RSA"]
[SourceTitle "playchess.com"]
[Source "ChessBase"]
[SourceQuality "1"]

{[%evp 17,132,89,101,89,94,81,104,90,97,34,89,69,77,33,63,38,59,52,69,69,75,17,76,79,88,48,76,65,77,68,78,94,130,68,148,87,78,52,50,46,62,48,49,48,55,49,70,-83,-38,-135,-134,-129,-127,-152,-163,-197,-197,-291,-272,-284,-278,-294,-278,-373,-357,-430,-411,-443,-416,-468,-479,-927,-885,-2988,-2568,-1990,-522,-507,-502,-609,-613,-607,-595,-760,-724,-1071,-1037,-1137,-1033,-1132,-1215,-930,0,-1111,-1110,-1591,-1484,-1447,-1857,-1453,-1423,-6091,-5923,-29979,-5497,-29980,-29981,-29987,-29988,-29989,-29990,-29990,-29991,-29992,-29993,-29998,-29999]} 1. Nf3 Nf6 2. d4 g6 3. c4 d6 4. Nc3 Nbd7 5. g3 Bg7 6. Bg2 c6 7. e4 e5 8. d5 c5 9. O-O O-O 10. Bg5 {E68: King's Indian: Fianchetto: 6...Nbd7 7 0-0 e5 8 e4} h6 11. Bd2 Nh5 12. Qc1 $146 {White is better.} ({Predecessor:} 12. a3 Nb6 13. Qe2 Bd7 14. b4 cxb4 15. axb4 Qc7 16. c5 dxc5 {1-0 (38) Kalinitschew,S (2504)-Petrosian,S (2366) Bad Woerishofen 2000}) 12... Kh7 13. Nh4 (13. Re1 $16) 13... Ndf6 (13... Nf4 $14) 14. h3 Ng8 15. Kh2 a6 16. a3 Rb8 17. b4 b6 18. Rb1 Bd7 19. Qc2 (19. Re1 $16) 19... Bf6 (19... Nf4 $11 {remains equal.}) 20. Nf3 $36 {[%mdl 2048] White is really pushing.} Qc7 21. Ne2 Be7 22. g4 Ng7 23. Ng3 Rfc8 24. Rfc1 b5 25. Bf1 ({Better is} 25. Qa2 $16) 25... Ne8 (25... cxb4 $14 26. Qa2 (26. Bxb4 bxc4 27. Bxc4 a5 $14) (26. Rxb4 a5 $16) (26. axb4 bxc4 27. Qxc4 Qa7 $14) 26... bxc4) 26. Be3 ({White should try} 26. Qd1) 26... cxb4 27. axb4 {Strongly threatening c5.} bxc4 28. Bxc4 Bb5 {[%cal Rb5c4]} 29. Nd2 Bg5 30. Qd3 Qd8 31. Bxb5 Rxb5 32. Rc6 $2 (32. Bxg5 $14 {stays ahead.} hxg5 33. Nc4) 32... Bxe3 33. fxe3 (33. Rxc8 $1 $15 Qxc8 34. Qxe3) 33... Rxc6 $17 34. dxc6 Qb6 35. Qc4 {[#]} Kg7 $1 36. Rb3 {White wants to play Nb1.} Ne7 37. Qc3 (37. c7 {keeps fighting.} Nxc7 38. Qc3) 37... Nxc6 $19 ({Much less strong is} 37... Qxc6 38. Qa1 $19) 38. Nc4 Qb7 39. Rb2 Rxb4 40. Rd2 Rb3 41. Qc2 Qb5 42. Ne2 a5 43. Rd5 Qb4 44. h4 (44. Rd3 $142 Rxd3 45. Qxd3) 44... Nf6 {[%cal Be8f6,Bf6g4,Bg4e3][%mdl 32]} 45. Rxd6 Nxg4+ 46. Kg2 {[#]} Qxc4 (46... Qe1 $142 $1 {[%mdl 512] ( -> ...Qf2+)} 47. Ng3 Rxe3 48. Nxe3 Nxe3+ 49. Kh3 Nxc2) 47. Qxc4 Nxe3+ 48. Kf2 Nxc4 49. Rxc6 {[%mdl 4096] Endgame KRN-KRN} Nd2 50. Ng3 a4 {[%cal Ba5a4,Ba4a3][%mdl 32]} 51. h5 a3 52. hxg6 fxg6 53. Ra6 Rb2 54. Ke3 Rb3+ 55. Kf2 $1 h5 {[%cal Bh6h5,Bh5h4][%mdl 32]} 56. Ra7+ Kf6 57. Ra6+ Kg5 58. Ra5 h4 59. Ne2 Nxe4+ 60. Kg2 Kf6 (60... Kg4 $142 61. Ra4 Kf5 62. Ra8 h3+ 63. Kh2 g5 64. Rf8+ Kg4 65. Rf1 Rb2 66. Rg1+ Kf3 67. Kxh3 a2 68. Rc1 Rb1 69. Ng1+ Ke3 70. Rc6 a1=Q 71. Kg4 Qa7 72. Rd6 Nxd6 73. Nf3 Qh7 74. Kg3 Rh1 75. Kg4 Qh5+ 76. Kg3 Qxf3#) 61. Ra6+ Kf5 {Black mates.} 62. Ra5 h3+ 63. Kh2 Rb2 64. Kxh3 Rxe2 65. Rxa3 Kf4 66. Ra8 Ng5+ {Precision: White = 20%, Black = 52%.} 0-1

[Event "2017 South African Open Ch"]
[Site "Durban"]
[Date "2017.07.21"]
[Round "10"]
[White "Du Plessis, Heinco"]
[Black "Naidu, Sayen"]
[Result "0-1"]
[WhiteElo "2003"]
[BlackElo "1865"]
[Annotator "NA RC"]
[PlyCount "88"]
[EventDate "2017.??.??"]
[EventCountry "RSA"]
[SourceTitle "playchess.com"]
[Source "ChessBase"]
[SourceQuality "1"]
[TimeControl "5400+30"]

1. e4 {[%emt 0:00:00]} c5 {[%emt 0:00:35]} 2. Nc3 {[%emt 0:00:13]} d6 {[%emt 0:02:07]} 3. d4 {[%emt 0:02:35]} cxd4 {[%emt 0:00:21] B23: Closed Sicilian: Lines without g3} 4. Qxd4 {[%emt 0:00:01]} Nc6 {[%emt 0:16:41]} 5. Bb5 {[%emt 0:06:38]} Bd7 {[%emt 0:00:13]} 6. Bxc6 {[%emt 0:00:02]} bxc6 {[%emt 0:00:05]} (6... Bxc6 7. Nge2 Nf6 8. Bg5 e6 9. O-O-O Be7 10. Qd3 Qa5 11. Bd2 {½-½ (30) Zvjaginsev,V (2661)-Wang,H (2690) China 2017}) 7. Nf3 {[%emt 0:04:03]} e5 {[%emt 0:00:47]} 8. Qd3 {[%emt 0:01:21]} h6 {[%emt 0:00:25]} 9. O-O {[%emt 0:01:16]} Nf6 {[%emt 0:00:14]} 10. b3 {[%emt 0:10:59]} Be6 $146 {[%emt 0:03:58]} ({Predecessor:} 10... Be7 11. a4 O-O 12. Ba3 Bg4 13. Nd2 d5 14. Bxe7 Qxe7 15. exd5 cxd5 16. Nxd5 Nxd5 17. Qxd5 {½-½ (68) Milliet,S (2387)-Sudakova,I (2356) Warsaw 2013}) 11. Rd1 {[%emt 0:04:56]} Qc7 {[%emt 0:02:02]} 12. Bb2 {[%emt 0:02:25]} Be7 {[%emt 0:00:26]} 13. Na4 {[%emt 0:00:21]} O-O {[%emt 0:01:08]} 14. c4 {[%emt 0:00:07]} Nd7 {[%emt 0:02:19]} 15. Ba3 {[%emt 0:07:45]} c5 {[%emt 0:03:33]} 16. Nc3 {[%emt 0:00:54]} Nb6 {[%emt 0:02:06]} 17. Nd2 {[%emt 0:06:52]} a5 {[%emt 0:10:16]} 18. Nf1 {[%emt 0:07:16]} a4 {[%emt 0:04:06]} 19. Ne3 {[%emt 0:04:58]} axb3 {[%emt 0:01:23]} 20. axb3 {[%emt 0:00:10]} Ra6 {[%emt 0:03:28]} 21. Bb2 {[%emt 0:06:45]} Rxa1 {[%emt 0:06:44]} 22. Rxa1 {[%emt 0:00:10]} Qb7 {[%emt 0:02:08]} 23. Nb5 {[%emt 0:08:25]} Nc8 {[%emt 0:00:15]} 24. g3 {[%emt 0:03:14]} Bg5 {[%emt 0:07:47]} 25. Nf5 {[%emt 0:07:03]} Rd8 {[%emt 0:17:13]} 26. h4 {[%emt 0:01:54]} Bxf5 {[%emt 0:03:56]} 27. exf5 {[%emt 0:00:16]} Bf6 {[%emt 0:00:18]} 28. Qe2 {[%emt 0:04:34]} Qd7 {[%emt 0:02:33]} 29. Qh5 {[%emt 0:01:03]} d5 {[%emt 0:01:04]} 30. Rd1 {[%emt 0:01:32]} (30. Qg4 $15) 30... d4 {[%emt 0:02:30]} 31. Ba3 {[%emt 0:00:09]} Qc6 {[%emt 0:02:25]} 32. f3 {[%emt 0:03:00]} (32. Qe2 $17 {keeps fighting.}) 32... Ne7 {[%emt 0:00:59]} ({Black should try} 32... Nd6 $19 33. Nxd6 Qxd6) 33. Kf2 $2 {[%emt 0:02:21]} (33. Qg4 $17 {keeps fighting.}) 33... e4 $19 {[%emt 0:01:59]} 34. Qg4 {[%emt 0:02:38]} e3+ {[%emt 0:00:31]} 35. Ke2 {[%emt 0:00:16]} Qc8 {[%emt 0:00:26]} 36. Qh3 {[%emt 0:01:10]} Nxf5 {[%emt 0:00:15]} 37. Rd3 {[%emt 0:00:30]} g6 {[%emt 0:00:57]} 38. h5 {[%emt 0:00:18]} gxh5 {[%emt 0:00:36]} 39. g4 {[%emt 0:00:24]} Ng7 {[%emt 0:00:21]} 40. Qg2 {[%emt 0:00:34]} h4 {[%emt 0:00:09]} 41. Qh2 {[%emt 0:00:44]} Ne6 {[%emt 0:00:28]} 42. Rd1 {[%emt 0:00:21]} Bg5 {[%emt 0:00:14]} 43. Qe5 {[%emt 0:00:36]} Nf4+ 44. Ke1 h3 {[%emt 0:01:15]} 0-1

[Event "2017 South African Open Ch"]
[Site "Durban"]
[Date "2017.07.21"]
[Round "10"]
[White "Salimu, Reuben"]
[Black "Wilken, Justin Barend"]
[Result "1/2-1/2"]
[WhiteElo "1968"]
[BlackElo "1920"]
[Annotator "NA"]
[PlyCount "89"]
[EventDate "2017.??.??"]
[EventCountry "RSA"]
[SourceTitle "playchess.com"]
[Source "ChessBase"]
[SourceQuality "1"]
[TimeControl "5400+30"]

1. e4 {[%emt 0:00:00]} c5 {[%emt 0:01:06]} 2. Nf3 {[%emt 0:00:00]} e6 {[%emt 0:00:08]} 3. d4 {[%emt 0:00:00]} cxd4 {[%emt 0:00:04]} 4. Nxd4 {[%emt 0:00:02]} Nf6 {[%emt 0:00:31]} 5. Bd3 {[%emt 0:00:32]} Nc6 {[%emt 0:01:54]} 6. Nxc6 {[%emt 0:00:08]} bxc6 {[%emt 0:00:23]} 7. O-O {[%emt 0:01:09]} d5 {[%emt 0:01:00]} 8. e5 {[%emt 0:00:06]} Nd7 {[%emt 0:00:16]} 9. Bf4 {[%emt 0:02:14]} Qb6 {[%emt 0:01:04]} 10. Qe2 {[%emt 0:06:24]} Nc5 {[%emt 0:08:08]} 11. Bc1 {[%emt 0:01:35]} Nxd3 {[%emt 0:00:50]} 12. cxd3 {[%emt 0:00:08]} Ba6 {[%emt 0:02:49]} 13. Nc3 {[%emt 0:01:33]} Qd4 {[%emt 0:04:16]} 14. Rd1 {[%emt 0:04:22]} Be7 {[%emt 0:00:38]} 15. Kh1 {[%emt 0:00:32]} O-O {[%emt 0:02:24]} 16. Qe3 {[%emt 0:02:41]} Qxe3 {[%emt 0:08:04]} 17. Bxe3 {[%emt 0:00:26]} f6 {[%emt 0:04:55]} 18. exf6 {[%emt 0:01:06]} Bxf6 {[%emt 0:02:19]} 19. d4 {[%emt 0:00:48]} e5 {[%emt 0:03:22]} 20. dxe5 {[%emt 0:01:49]} Bxe5 {[%emt 0:00:02]} 21. Bc5 {[%emt 0:00:15]} Rf4 {[%emt 0:03:19]} 22. Rac1 {[%emt 0:01:28]} Rc4 {[%emt 0:14:45]} 23. Re1 {[%emt 0:06:07]} Bf4 {[%emt 0:09:24]} 24. Be3 {[%emt 0:00:09]} Rf8 {[%emt 0:07:47]} 25. Bxf4 {[%emt 0:02:26]} Rfxf4 {[%emt 0:01:17]} 26. b3 {[%emt 0:01:24]} Rb4 {[%emt 0:01:28]} 27. Re7 {[%emt 0:00:23]} Rxf2 {[%emt 0:00:41]} 28. Rxa7 {[%emt 0:00:46]} Rf1+ {[%emt 0:01:40]} 29. Rxf1 {[%emt 0:00:18]} Bxf1 {[%emt 0:00:01]} 30. Kg1 {[%emt 0:00:30]} Rf4 {[%emt 0:01:12]} 31. Rd7 {[%emt 0:01:03]} d4 {[%emt 0:01:07]} 32. Ne4 {[%emt 0:00:17]} Bd3 {[%emt 0:04:05]} 33. Nf2 {[%emt 0:02:07]} Bb1 {[%emt 0:00:12]} 34. g3 {[%emt 0:00:58]} Rf5 {[%emt 0:01:18]} 35. Rxd4 {[%emt 0:00:31]} Bxa2 {[%emt 0:00:10]} 36. b4 {[%emt 0:00:18]} Rb5 {[%emt 0:02:00]} 37. Nd3 {[%emt 0:00:16]} Rd5 {[%emt 0:01:17]} 38. Rxd5 {[%emt 0:00:25]} Bxd5 {[%emt 0:00:15]} 39. Kf2 {[%emt 0:00:08]} Kf7 {[%emt 0:00:28]} 40. Ke3 {[%emt 0:00:04]} Ke7 {[%emt 0:00:18]} 41. Kd4 {[%emt 0:00:14]} Kd6 {[%emt 0:00:28]} 42. Ne5 {[%emt 0:01:16]} Bg2 {[%emt 0:01:29]} 43. Nc4+ {[%emt 0:00:25]} Kc7 {[%emt 0:00:20]} 44. Kc5 {[%emt 0:00:12]} Kd7 45. Kd4 1/2-1/2

[Event "2017 South African Open Ch"]
[Site "Durban"]
[Date "2017.07.21"]
[Round "10"]
[White "Mpya, Tshediso M"]
[Black "Oberholzer, Francois"]
[Result "1-0"]
[WhiteElo "1897"]
[BlackElo "2046"]
[Annotator "NA"]
[PlyCount "107"]
[EventDate "2017.??.??"]
[EventCountry "RSA"]
[SourceTitle "playchess.com"]
[Source "ChessBase"]
[SourceQuality "1"]
[TimeControl "5400+30"]

1. d4 {[%emt 0:00:00]} Nf6 {[%emt 0:00:49]} 2. Bf4 {[%emt 0:00:00]} c5 {[%emt 0:05:56]} 3. e3 {[%emt 0:00:00]} e6 {[%emt 0:00:39]} 4. Nf3 {[%emt 0:00:03]} d5 {[%emt 0:00:44]} 5. Nc3 {[%emt 0:00:08]} a6 {[%emt 0:00:33]} 6. a3 {[%emt 0:00:30]} cxd4 {[%emt 0:04:31]} 7. exd4 {[%emt 0:00:03]} Bd6 {[%emt 0:00:13]} 8. Bxd6 {[%emt 0:01:22]} Qxd6 {[%emt 0:00:06]} 9. Bd3 {[%emt 0:00:08]} O-O {[%emt 0:01:15]} 10. O-O {[%emt 0:00:06]} Nc6 {[%emt 0:00:33]} 11. Re1 {[%emt 0:00:25]} Bd7 {[%emt 0:05:16]} 12. Qd2 {[%emt 0:05:59]} Rac8 {[%emt 0:15:29]} 13. Re3 {[%emt 0:01:49]} Ng4 {[%emt 0:03:48]} 14. Re2 {[%emt 0:00:21]} Nxd4 {[%emt 0:20:12]} 15. Bxh7+ {[%emt 0:00:11]} Kxh7 {[%emt 0:00:08]} 16. Qxd4 {[%emt 0:00:07]} Nh6 {[%emt 0:07:56]} 17. Ne4 {[%emt 0:02:06]} Qe7 {[%emt 0:01:10]} 18. Neg5+ {[%emt 0:02:12]} Kg8 {[%emt 0:00:53]} 19. Qxd5 {[%emt 0:04:11]} exd5 {[%emt 0:00:06]} 20. Rxe7 {[%emt 0:00:14]} Bg4 {[%emt 0:08:28]} 21. Nd4 {[%emt 0:02:07]} Nf5 {[%emt 0:01:28]} 22. Nxf5 {[%emt 0:00:09]} Bxf5 {[%emt 0:00:00]} 23. c3 {[%emt 0:00:13]} f6 {[%emt 0:07:24]} 24. Nf3 {[%emt 0:01:07]} Rf7 {[%emt 0:00:46]} 25. Rae1 {[%emt 0:00:11]} Be4 {[%emt 0:00:33]} 26. Rxf7 {[%emt 0:00:12]} Kxf7 {[%emt 0:00:01]} 27. Nd4 {[%emt 0:00:10]} a5 {[%emt 0:01:43]} 28. f3 {[%emt 0:00:30]} Bg6 {[%emt 0:01:26]} 29. Re6 {[%emt 0:00:15]} Bd3 {[%emt 0:00:53]} 30. Rd6 {[%emt 0:00:26]} Ke7 {[%emt 0:01:54]} 31. Rxd5 {[%emt 0:00:19]} b6 {[%emt 0:00:08]} 32. Nf5+ {[%emt 0:03:08]} Bxf5 {[%emt 0:01:52]} 33. Rxf5 {[%emt 0:00:02]} Rd8 {[%emt 0:00:25]} 34. Rb5 {[%emt 0:00:09]} Rd6 {[%emt 0:00:00]} 35. Kf2 {[%emt 0:00:29]} Kd7 {[%emt 0:00:01]} 36. Ke2 {[%emt 0:01:04]} Kc6 {[%emt 0:00:06]} 37. Rh5 {[%emt 0:00:10]} Re6+ {[%emt 0:00:14]} 38. Kd2 {[%emt 0:00:02]} Rd6+ {[%emt 0:00:08]} 39. Kc2 {[%emt 0:01:16]} Re6 {[%emt 0:00:07]} 40. g3 {[%emt 0:00:53]} Re2+ {[%emt 0:00:09]} 41. Kb3 {[%emt 0:00:06]} a4+ {[%emt 0:07:47]} 42. Ka2 {[%emt 0:00:12]} Rg2 {[%emt 0:00:40]} 43. Rh7 Kc5 {[%emt 0:00:11]} 44. Rxg7 {[%emt 0:01:53]} Rxh2 {[%emt 0:00:07]} 45. Rg6 {[%emt 0:00:53]} Rg2 {[%emt 0:00:06]} 46. g4 {[%emt 0:00:07]} f5 {[%emt 0:00:01]} 47. Rg5 {[%emt 0:00:19]} Kc4 {[%emt 0:00:02]} 48. Rxf5 {[%emt 0:00:28]} Kd3 {[%emt 0:00:10]} 49. g5 {[%emt 0:01:01]} Kc2 {[%emt 0:00:20]} 50. f4 {[%emt 0:00:24]} Kc1 {[%emt 0:00:16]} 51. Rb5 {[%emt 0:00:07]} Rg4 {[%emt 0:00:12]} 52. Rb4 {[%emt 0:00:55]} Rg2 {[%emt 0:00:33]} 53. Rxb6 {[%emt 0:00:15]} Rf2 {[%emt 0:00:16]} 54. Rb4 {[%emt 0:00:10]} 1-0

[Event "2017 South African Open Ch"]
[Site "Durban"]
[Date "2017.07.21"]
[Round "10"]
[White "Jacobs, Kevin T"]
[Black "Oatlhotse, Providence"]
[Result "1-0"]
[WhiteElo "1882"]
[BlackElo "2190"]
[Annotator "TA"]
[PlyCount "107"]
[EventDate "2017.??.??"]
[EventCountry "RSA"]
[SourceTitle "playchess.com"]
[Source "ChessBase"]
[SourceQuality "1"]

{[%evp 25,107,16,47,0,0,7,35,10,0,-5,-25,-38,-41,-22,-27,-29,-22,-48,-33,-81,0,0,0,0,0,0,0,0,0,0,0,0,0,0,0,0,66,-63,-10,-10,-16,-23,-15,-176,-54,-64,-51,-443,-422,-421,-411,-373,0,0,2055,1987,1992,1819,29984,29985,29985,29986,29986,29987,29987,29988,29988,29989,29989,29990,29990,29991,29991,29976,29976,29977,29976,29977,29979,29980,29980,29982,29982,29983]} 1. e4 c5 2. Nf3 g6 3. d4 cxd4 4. Nxd4 Nf6 5. Nc3 d6 6. Be3 Bg7 7. f3 Nc6 8. Qd2 O-O 9. Bc4 Bd7 10. O-O-O Ne5 11. Bb3 Rc8 12. h4 h5 13. Kb1 Re8 {LiveBook: 275 Games. B78: Sicilian Dragon: Yugoslav Attack, 9 Bc4 Bd7 10 0-0-0 Rc8} (13... Nc4 14. Bxc4 Rxc4 15. Nde2 Re8 16. Bh6 Bh8 17. g4 Qa5 18. gxh5 Qxh5 19. Bg5 Qxf3 20. Rdf1 Nxe4 21. Rxf3 Nxd2+ 22. Bxd2 Bc6 23. Rfh3 Bxh1 24. Rxh1 {½-½ (60) Vachier Lagrave,M (2796)-Grischuk,A (2761) Paris 2017}) 14. Nd5 Nxd5 15. Bxd5 e6 {The position is equal.} 16. Bb3 $1 (16. Bxb7 $2 Rb8 $19) 16... a5 $1 {[%cal Ra5a4]} 17. a4 $146 ({Predecessor:} 17. a3 b5 18. g4 Nc4 19. Bxc4 bxc4 20. gxh5 c3 {1-0 (40) Hosseinzadeh,N (2180)-Pilvaieh,A (2075) Mashhad 2015}) 17... b5 18. Nxb5 Bxb5 19. axb5 a4 $1 {[%cal Ra4b3]} 20. Ba2 {Hoping for Qb4.} (20. Bxa4 $2 Nc4 $19) 20... Nc4 21. Bxc4 $1 Rxc4 22. b6 a3 (22... Qa8 $17 23. c3 (23. Qxd6 $2 a3 $19) 23... a3) 23. Qd3 $1 $11 {[%cal Rd3c4]} ({Don't play} 23. Qxd6 Qxd6 24. Rxd6 Rb4 $17) ({Wrong is} 23. bxa3 $2 Qd7 $19) 23... Rb4 24. Qxa3 Rxb2+ 25. Qxb2 Bxb2 26. Kxb2 Qf6+ 27. Bd4 e5 28. Be3 Rb8 29. Rd5 Qd8 $1 30. Rb5 Qc8 ({Black should try} 30... f5 $1 $11) 31. Kb3 (31. Ra1 $14) 31... Qa6 ({Black should play} 31... f5 $1 $15 32. exf5 Qa6) 32. c4 Ra8 $36 {[%mdl 2048] Black is more active.} 33. Kc3 Qa2 {( -> ...Ra3+)} 34. Rb3 $2 (34. Rhb1 $1 $11 {and White is okay.}) 34... Qxg2 (34... Qe2 $1 $19 {[%cal Re2e3]} 35. Kb4 Qxg2) 35. b7 $15 Rb8 36. Ra1 $2 {[%mdl 8192]} ({White has to play} 36. Rhb1 $1 $15) 36... Qxf3 $19 37. Kd2 {Strongly threatening Ra8.} Qg2+ ({Weaker is} 37... Qxe4 38. Rab1 $19) 38. Kd3 Kg7 $2 (38... f5 $19 39. exf5 d5) 39. Ra8 $1 $11 {[%cal Ra8b8]} f5 $2 {[%mdl 8192]} (39... Qf1+ $11 40. Kd2 Qg2+ 41. Kd3 Qf1+ 42. Kd2 Qg2+ 43. Kd3) 40. Rxb8 $18 {White threatens Rg8+! and mate.} Qxe4+ 41. Kd2 {Rg8+! would kill now.} Qg2+ 42. Kc3 {White mates.} Qf3 {[#]} 43. Rg8+ $1 {[%mdl 512]} Kf7 (43... Kxg8 44. b8=Q+) 44. b8=Q Qxe3+ 45. Kb2 Qd2+ 46. Kb1 Qe1+ {[#]} 47. Ka2 $1 Qa5+ {[#]} 48. Ra3 $1 Qd2+ 49. Qb2 Qxb2+ 50. Kxb2 Kxg8 51. Ra7 g5 52. hxg5 {[%cal Bh4g5,Bg5g6][%mdl 32]} h4 53. Kc3 h3 54. g6 {Precision: White = 50%, Black = 51%.} 1-0

[Event "2017 South African Open Ch"]
[Site "Durban"]
[Date "2017.07.21"]
[Round "10"]
[White "Mazibuko, Khanya"]
[Black "Bhawoodien, Shabir Hussain"]
[Result "1/2-1/2"]
[WhiteElo "1808"]
[BlackElo "2066"]
[Annotator "NA"]
[PlyCount "91"]
[EventDate "2017.??.??"]
[EventCountry "RSA"]
[SourceTitle "playchess.com"]
[Source "ChessBase"]
[SourceQuality "1"]
[TimeControl "5400+30"]

1. e4 {[%emt 0:00:00]} e5 {[%emt 0:05:44]} 2. Nf3 {[%emt 0:00:10]} Nc6 {[%emt 0:00:17]} 3. Bb5 {[%emt 0:02:12]} a6 {[%emt 0:00:42]} 4. Ba4 {[%emt 0:00:02]} Nf6 {[%emt 0:00:06]} 5. O-O {[%emt 0:00:08]} Be7 {[%emt 0:00:19]} 6. Re1 {[%emt 0:00:26]} b5 {[%emt 0:00:09]} 7. Bb3 {[%emt 0:00:03]} O-O {[%emt 0:00:05]} 8. c3 {[%emt 0:00:03]} d5 {[%emt 0:02:11]} 9. exd5 {[%emt 0:00:15]} Nxd5 {[%emt 0:00:07]} 10. Nxe5 {[%emt 0:00:07]} Nxe5 {[%emt 0:00:09]} 11. Rxe5 {[%emt 0:00:05]} c6 {[%emt 0:03:07]} 12. d4 {[%emt 0:00:16]} Bd6 {[%emt 0:00:02]} 13. Re1 {[%emt 0:00:13]} Qh4 {[%emt 0:00:03]} 14. g3 {[%emt 0:00:11]} Qh3 {[%emt 0:00:16]} 15. Qe2 {[%emt 0:00:19]} Bg4 {[%emt 0:04:29]} 16. Qf1 {[%emt 0:00:07]} Qh5 {[%emt 0:01:34]} 17. Be3 {[%emt 0:00:55]} f5 {[%emt 0:01:19]} 18. f4 {[%emt 0:10:24]} Kh8 {[%emt 0:07:21]} 19. Nd2 {[%emt 0:01:52]} Nxe3 {[%emt 0:06:00]} 20. Rxe3 {[%emt 0:00:07]} g5 {[%emt 0:00:19]} 21. a4 {[%emt 0:07:54]} gxf4 {[%emt 0:07:25]} 22. gxf4 {[%emt 0:00:01]} Qh6 {[%emt 0:02:46]} 23. Re6 {[%emt 0:05:01]} Qxf4 {[%emt 0:02:22]} 24. Qxf4 {[%emt 0:02:11]} Bxf4 {[%emt 0:00:22]} 25. Nf1 {[%emt 0:00:32]} Rg8 {[%emt 0:14:13]} 26. Kf2 {[%emt 0:02:06]} Rgb8 {[%emt 0:12:22]} 27. a5 {[%emt 0:01:30]} b4 {[%emt 0:02:15]} 28. c4 {[%emt 0:00:15]} Rd8 {[%emt 0:02:17]} 29. d5 {[%emt 0:02:19]} cxd5 {[%emt 0:01:37]} 30. cxd5 {[%emt 0:00:02]} Bd6 {[%emt 0:01:25]} 31. Ne3 {[%emt 0:11:17]} Bc5 {[%emt 0:04:06]} 32. Kg3 {[%emt 0:00:48]} Bd6+ {[%emt 0:02:37]} 33. Kh4 {[%emt 0:04:33]} Bxh2 {[%emt 0:01:44]} 34. Rh1 {[%emt 0:01:23]} Bc7 {[%emt 0:04:49]} 35. Nxg4 {[%emt 0:01:14]} fxg4 {[%emt 0:00:02]} 36. Kxg4 {[%emt 0:05:15]} Rg8+ {[%emt 0:00:25]} 37. Kf5 {[%emt 0:00:17]} Raf8+ {[%emt 0:07:10]} 38. Rf6 {[%emt 0:00:15]} Rxf6+ {[%emt 0:00:59]} 39. Kxf6 {[%emt 0:00:01]} Rg3 {[%emt 0:00:23]} 40. Bc2 {[%emt 0:01:09]} Rf3+ {[%emt 0:00:28]} 41. Bf5 {[%emt 0:01:33]} Kg8 {[%emt 0:01:49]} 42. Ke6 {[%emt 0:05:42]} Re3+ {[%emt 0:00:36]} 43. Kd7 {[%emt 0:02:25]} Bxa5 {[%emt 0:00:05]} 44. Bxh7+ {[%emt 0:03:27]} Kg7 {[%emt 0:00:01]} 45. Bf5 {[%emt 0:00:51]} b3 {[%emt 0:02:46]} 46. Rh3 {[%emt 0:01:48]} 1/2-1/2

[Event "2017 South African Open Ch"]
[Site "Durban"]
[Date "2017.07.21"]
[Round "10"]
[White "Rooplal, Desmond"]
[Black "Zwakala, Ntando"]
[Result "0-1"]
[WhiteElo "1686"]
[BlackElo "2020"]
[Annotator "NA"]
[PlyCount "68"]
[EventDate "2017.??.??"]
[EventCountry "RSA"]
[SourceTitle "playchess.com"]
[Source "ChessBase"]
[SourceQuality "1"]
[TimeControl "5400+30"]

1. e4 {[%emt 0:11:34]} c5 {[%emt 0:00:10]} 2. Nf3 {[%emt 0:01:02]} e6 {[%emt 0:00:18]} 3. d4 {[%emt 0:00:23]} cxd4 {[%emt 0:00:06]} 4. Nxd4 {[%emt 0:00:04]} a6 {[%emt 0:00:10]} 5. Bd3 {[%emt 0:00:31]} Nf6 {[%emt 0:00:08]} 6. c4 {[%emt 0:01:20]} Qc7 {[%emt 0:00:11]} 7. O-O {[%emt 0:00:48]} Be7 {[%emt 0:00:07]} 8. Nc3 {[%emt 0:00:15]} O-O {[%emt 0:00:07]} 9. Bd2 {[%emt 0:01:21]} b6 {[%emt 0:00:09]} 10. Rc1 {[%emt 0:00:26]} Bb7 {[%emt 0:00:06]} 11. Qe2 {[%emt 0:01:56]} d6 {[%emt 0:00:07]} 12. b3 {[%emt 0:00:35]} Nbd7 {[%emt 0:00:06]} 13. Rfe1 {[%emt 0:04:01]} Rac8 {[%emt 0:01:01]} 14. Bb1 {[%emt 0:01:28]} Rfe8 {[%emt 0:00:12]} 15. Nf3 {[%emt 0:08:34]} Ne5 {[%emt 0:03:52]} 16. Nxe5 {[%emt 0:02:27]} dxe5 {[%emt 0:00:09]} 17. Rcd1 {[%emt 0:09:30]} Red8 {[%emt 0:00:15]} 18. Bc1 {[%emt 0:00:54]} Bb4 {[%emt 0:00:37]} 19. Rxd8+ {[%emt 0:07:00]} Rxd8 {[%emt 0:00:08]} 20. Bb2 {[%emt 0:03:51]} Bc5 {[%emt 0:09:03]} 21. Kf1 {[%emt 0:02:28]} Bd4 {[%emt 0:00:12]} 22. Rc1 {[%emt 0:01:41]} g6 {[%emt 0:05:44]} 23. Qc2 {[%emt 0:11:09]} Ng4 {[%emt 0:03:39]} 24. Nd1 {[%emt 0:03:48]} Nxh2+ {[%emt 0:04:46]} 25. Ke2 {[%emt 0:00:04]} Ng4 {[%emt 0:00:24]} 26. f3 {[%emt 0:00:28]} Nf6 {[%emt 0:00:17]} 27. Nf2 {[%emt 0:01:20]} Nh5 {[%emt 0:00:12]} 28. Nd3 {[%emt 0:02:44]} Qe7 {[%emt 0:05:10]} 29. Nxe5 {[%emt 0:03:30]} Bxb2 {[%emt 0:02:09]} 30. Qxb2 {[%emt 0:00:23]} Qg5 {[%emt 0:00:04]} 31. Ng4 {[%emt 0:05:58]} f5 {[%emt 0:00:21]} 32. Ne3 {[%emt 0:01:25]} fxe4 {[%emt 0:00:18]} 33. Ng4 {[%emt 0:09:33]} exf3+ {[%emt 0:00:31]} 34. gxf3 {[%emt 0:00:03]} Bxf3+ {[%emt 0:00:37]} 0-1